The great plc reinvention (Record no. 69629)

MARC details
000 -LEADER
fixed length control field 00891cam a2200217 4500
001 - CONTROL NUMBER
control field ABS65196
008 - FIXED-LENGTH DATA ELEMENTS--GENERAL INFORMATION
fixed length control field 020228n2002 000 0 eng u
035 ## - SYSTEM CONTROL NUMBER
System control number (Sirsi) u116892
100 ## - MAIN ENTRY--PERSONAL NAME
Personal name Hamson, L.
245 #4 - TITLE STATEMENT
Title The great plc reinvention
260 ## - PUBLICATION, DISTRIBUTION, ETC.
Date of publication, distribution, etc. 2002
490 ## - SERIES STATEMENT
Series statement Property Week
Volume/sequential designation 67(6) 15 February 2002, 27-30(4)
520 ## - SUMMARY, ETC.
Summary, etc. Asks why large public property companies are moving towards becoming fund managers. Due to the problems of raising equity and no solution available to the continuing problem of a discount to net asset value, public property companies are becoming increasingly disillusioned with the quoted sector. Various current examples are looked at and views submitted.
590 ## - LOCAL NOTE (RLIN)
Local note ABS
650 ## - SUBJECT ADDED ENTRY--TOPICAL TERM
Topical term or geographic name entry element PROPERTY INDUSTRY
650 ## - SUBJECT ADDED ENTRY--TOPICAL TERM
Topical term or geographic name entry element COMPANIES
650 ## - SUBJECT ADDED ENTRY--TOPICAL TERM
Topical term or geographic name entry element FUND MANAGERS
650 ## - SUBJECT ADDED ENTRY--TOPICAL TERM
Topical term or geographic name entry element FUND MANAGEMENT
690 ## - LOCAL SUBJECT ADDED ENTRY--TOPICAL TERM (OCLC, RLIN)
Topical term or geographic name as entry element PROPERTY MANAGEMENT
9 (RLIN) 6262
942 ## - ADDED ENTRY ELEMENTS (KOHA)
Suppress in OPAC 0
Holdings
Withdrawn status Lost status Source of classification or shelving scheme Damaged status Not for loan Home library Current library Shelving location Date acquired Total Checkouts Full call number Barcode Date last seen Copy number Price effective from Koha item type
    Dewey Decimal Classification     London London Journal article 28/02/2002   ABS65196 116892-1001 06/08/2019 1 06/08/2019 Journal article